|
|
|
|
| LEADER |
00788nab a2200205 i 4500 |
| 001 |
acta78222 |
| 005 |
20230206112918.0 |
| 008 |
230206s2022 hu o 0|| fre d |
| 022 |
|
|
|a 0567-8099
|
| 040 |
|
|
|a SZTE Egyetemi Kiadványok Repozitórium
|b hun
|
| 041 |
|
|
|a fre
|
| 100 |
1 |
|
|a Mihályi Dorottya
|
| 245 |
1 |
3 |
|a Le non-dit dans les récits de voyage sur l'Afrique du Nord
|h [elektronikus dokumentum] /
|c Mihályi Dorottya
|
| 260 |
|
|
|c 2022
|
| 300 |
|
|
|a 193-206
|
| 490 |
0 |
|
|a Acta Universitatis Szegediensis de Attila József Nominatae : acta romanica
|v 33
|
| 650 |
|
4 |
|a Bölcsészettudományok
|
| 650 |
|
4 |
|a Nyelvek és irodalom
|
| 695 |
|
|
|a Útleírás - Észak-Afrika, Francia irodalom története
|
| 856 |
4 |
0 |
|u http://acta.bibl.u-szeged.hu/78222/1/romanica_033_193-206.pdf
|z Dokumentum-elérés
|